| 000 | 00971nam a22003137a 4500 | ||
|---|---|---|---|
| 001 | BR4600006 | ||
| 003 | BR-BrBNA | ||
| 005 | 20230928082927.0 | ||
| 007 | ta | ||
| 008 | 230509b bl.||||| |||| 00| 0 por d | ||
| 040 |
_aBR-BrBNA _bpor _cBiblioteca Nacional de Agricultura |
||
| 041 | _a(Por) | ||
| 072 |
_aM00 _b8100 _b/G514 |
||
| 090 | _ 8100 BR4600006 | ||
| 100 | 1 | _aSchubart, O, | |
| 110 | 1 | _aDepartamento da Produção Animal, Rio de Janeiro, GB (Brasil). Div. de Caça e Pesca | |
| 245 | 1 | _aA pesca nos estados de Pernambuco e Alagoas [Pesca marinha; Pesca artesanal; Taxonomia animal; Brasil] | |
| 260 | 3 |
_aRio de Janeiro, GB (Brasil): _c1944. |
|
| 300 | _a61 p. | ||
| 500 | _a16 illus.; 34 tables; Bibliography p. 59-61 (50 ref.) | ||
| 650 | _aPesca | ||
| 650 | _aPesca marinha | ||
| 650 | _aPesca artesanal | ||
| 650 | _aTaxonomia animal | ||
| 650 | _aPernambuco | ||
| 650 | _aAlagoas | ||
| 909 |
_a202309 _bLucia _c55 _dLucia Elande |
||
| 942 | _cBK | ||
| 999 |
_c10660 _d10660 |
||